| 000 | 00434nam a22001697a 4500 | ||
|---|---|---|---|
| 005 | 20180904124953.0 | ||
| 008 | 160616b xxu||||| |||| 00| 0 eng d | ||
| 020 | _a81-259-0944-3 | ||
| 041 | _aeng | ||
| 082 |
_b7928 _a658.4 |
||
| 100 |
_aXavier, M.J. and Ramchander, S _92067 |
||
| 245 | _aBeyond Competition | ||
| 260 |
_aNew Delhi _bVikas Publishing House (P) Ltd. |
||
| 300 | _a150p, | ||
| 650 |
_aManagement _9241 |
||
| 942 | _cBK | ||
| 999 |
_c2897 _d2896 |
||